[Event "Gibtelecom Masters 1st"]
[Site "Gibraltar"]
[Date "2003.01.28"]
[Round "1"]
[White "Barsov, Alexei"]
[Black "Ledger, Stephen"]
[Result "1/2-1/2"]
[WhiteElo "2525"]
[BlackElo "2172"]
[PlyCount "111"]
[EventDate "2003.01.28"]
[EventType "swiss"]
[EventRounds "10"]
[EventCountry "GGB"]
[SourceTitle "BritBase"]
[Source "www.saund.co.uk"]
[SourceDate "2018.02.10"]
[SourceVersion "1"]
[SourceVersionDate "2018.02.10"]
[SourceQuality "1"]

1. d4 Nf6 2. Nf3 c5 3. d5 b5 4. Bg5 Qb6 5. Nc3 d6 6. e4 b4 7. Bxf6 exf6 8. Na4
Qc7 9. a3 bxa3 10. Rxa3 Be7 11. Bb5+ Bd7 12. Qd3 O-O 13. O-O Bxb5 14. Qxb5 Nd7
15. Rfa1 Rfb8 16. Qc6 Bd8 17. b3 g6 18. Nb2 Qxc6 19. dxc6 Nb6 20. Rxa7 Rxa7 21.
Rxa7 Rc8 22. Ra6 d5 23. exd5 Nxd5 24. Nd3 Nc7 25. Ra4 Ne6 26. b4 cxb4 27. Nxb4
Kf8 28. Ra6 Rb8 29. c3 Be7 30. Ra4 Rc8 31. Nd5 Rxc6 32. Kf1 Nc7 33. Nd4 Rc5 34.
Nxe7 Kxe7 35. c4 Kd6 36. Ke2 Ne6 37. Nb5+ Ke5 38. Kd3 Rxb5 39. cxb5 Nc5+ 40.
Kc4 Nxa4 41. Kb4 Nb6 42. Kc5 Nd7+ 43. Kc6 Ke6 44. f4 f5 45. g3 f6 46. Kc7 g5
47. Kd8 Nc5 48. Kc7 Kd5 49. b6 h6 50. Kd8 Kd6 51. Ke8 gxf4 52. gxf4 Ne6 53. Kf7
Nxf4 54. Kxf6 Nd5+ 55. Kxf5 Nxb6 56. Kg6 1/2-1/2

[Event "Gibtelecom Masters 1st"]
[Site "Gibraltar"]
[Date "2003.01.28"]
[Round "1"]
[White "Bellin, Robert"]
[Black "Epishin, Vladimir"]
[Result "0-1"]
[WhiteElo "2360"]
[BlackElo "2626"]
[PlyCount "49"]
[EventDate "2003.01.28"]
[EventType "swiss"]
[EventRounds "10"]
[EventCountry "GGB"]
[SourceTitle "BritBase"]
[Source "www.saund.co.uk"]
[SourceDate "2018.02.10"]
[SourceVersion "1"]
[SourceVersionDate "2018.02.10"]
[SourceQuality "1"]

1. d4 Nf6 2. Nf3 e6 3. Bg5 h6 4. Bh4 d6 5. h3 Nbd7 6. Nbd2 Be7 7. e3 O-O 8. c3
Rb8 9. Qc2 b5 10. Be2 c5 11. O-O a6 12. Rfd1 Qc7 13. Rac1 Bb7 14. a4 Rfc8 15.
axb5 axb5 16. dxc5 Qxc5 17. b4 Qb6 18. Nd4 Ba6 19. Qa2 Ra8 20. e4 Ne5 21. Ra1
Nxe4 22. Nxe4 Bxh4 23. Qa5 Qb8 24. Qxa6 Rxa6 25. Rxa6 0-1

[Event "Gibtelecom Masters 1st"]
[Site "Gibraltar"]
[Date "2003.01.28"]
[Round "1"]
[White "Bick, John"]
[Black "Korneev, Oleg"]
[Result "0-1"]
[WhiteElo "2296"]
[BlackElo "2613"]
[PlyCount "58"]
[EventDate "2003.01.28"]
[EventType "swiss"]
[EventRounds "10"]
[EventCountry "GGB"]
[SourceTitle "BritBase"]
[Source "www.saund.co.uk"]
[SourceDate "2018.02.10"]
[SourceVersion "1"]
[SourceVersionDate "2018.02.10"]
[SourceQuality "1"]

1. d4 d5 2. c4 e6 3. Nc3 c6 4. Bf4 dxc4 5. e3 b5 6. a4 Qb6 7. Qf3 Bb7 8. a5 Qa6
9. Qg3 Nd7 10. Be2 c5 11. Nh3 Ngf6 12. O-O b4 13. Nb1 Ne4 14. Qg4 h5 15. Qh4
Be7 16. Bg5 f6 17. Bxh5+ Kd8 18. Bf4 g6 19. Qg4 Nf8 20. Bxg6 Rg8 21. Qh5 Rxg6
22. Rd1 Ng5 23. dxc5+ Ke8 24. Bxg5 Qc6 25. Qg4 fxg5 26. Nd2 c3 27. bxc3 bxc3
28. Nf3 Qe4 29. Qg3 g4 0-1

[Event "Gibtelecom Masters 1st"]
[Site "Gibraltar"]
[Date "2003.01.28"]
[Round "1"]
[White "Cramling, Pia"]
[Black "Guerrero, Carlos"]
[Result "1-0"]
[WhiteElo "2492"]
[BlackElo "2073"]
[PlyCount "50"]
[EventDate "2003.01.28"]
[EventType "swiss"]
[EventRounds "10"]
[EventCountry "GGB"]
[SourceTitle "BritBase"]
[Source "www.saund.co.uk"]
[SourceDate "2018.02.10"]
[SourceVersion "1"]
[SourceVersionDate "2018.02.10"]
[SourceQuality "1"]

1. d4 d5 2. Nf3 Nf6 3. c4 c6 4. Nc3 e6 5. Bg5 h6 6. Bxf6 Qxf6 7. e3 Nd7 8. Bd3
Bd6 9. e4 dxe4 10. Nxe4 Bb4+ 11. Kf1 Qe7 12. c5 Ba5 13. Nd6+ Kd8 14. g3 Bc7 15.
Nc4 e5 16. dxe5 Qxc5 17. Kg2 b5 18. Ne3 Bxe5 19. Rc1 Qd6 20. Qe2 Re8 21. Rhd1
Qe7 22. Rxc6 Bb7 23. Bxb5 a6 24. Nf5 Qb4 25. Qd3 Bd6 1-0

[Event "Gibtelecom Masters 1st"]
[Site "Gibraltar"]
[Date "2003.01.28"]
[Round "1"]
[White "Giddins, Stephen"]
[Black "Sulskis, Sarunas"]
[Result "0-1"]
[WhiteElo "2242"]
[BlackElo "2567"]
[PlyCount "84"]
[EventDate "2003.01.28"]
[EventType "swiss"]
[EventRounds "10"]
[EventCountry "GGB"]
[SourceTitle "BritBase"]
[Source "www.saund.co.uk"]
[SourceDate "2018.02.10"]
[SourceVersion "1"]
[SourceVersionDate "2018.02.10"]
[SourceQuality "1"]

1. Nf3 c5 2. c4 Nc6 3. Nc3 e5 4. g3 g6 5. Bg2 Bg7 6. O-O Nge7 7. d3 d6 8. a3
O-O 9. Rb1 a5 10. Ne1 f5 11. Bg5 h6 12. Bxe7 Nxe7 13. Nc2 a4 14. Ne3 h5 15.
Nxa4 Bd7 16. Nc3 Bc6 17. Ned5 h4 18. e3 Kh7 19. f4 Ng8 20. g4 exf4 21. gxf5
Rxf5 22. Rxf4 Rxf4 23. exf4 h3 24. Bxh3 Bd4+ 25. Kf1 Qh4 26. Qf3 Bxc3 27. bxc3
Rxa3 28. f5 Ra2 29. Qg3 Qxg3 30. hxg3 Kg7 31. fxg6 Kxg6 32. Re1 Bxd5 33. cxd5
Nf6 34. Re6 Rd2 35. Bg2 Kg5 36. Be4 b5 37. Rxd6 c4 38. Ke1 cxd3 39. Bf3 Rc2 40.
Rc6 Nd7 41. d6 Kf6 42. Be4 Re2+ 0-1

[Event "Gibtelecom Masters 1st"]
[Site "Gibraltar"]
[Date "2003.01.28"]
[Round "1"]
[White "Ledger, David"]
[Black "Gyimesi, Zoltan"]
[Result "1/2-1/2"]
[WhiteElo "2267"]
[BlackElo "2585"]
[PlyCount "169"]
[EventDate "2003.01.28"]
[EventType "swiss"]
[EventRounds "10"]
[EventCountry "GGB"]
[SourceTitle "BritBase"]
[Source "www.saund.co.uk"]
[SourceDate "2018.02.10"]
[SourceVersion "1"]
[SourceVersionDate "2018.02.10"]
[SourceQuality "1"]

1. e4 c6 2. d4 d5 3. Nd2 dxe4 4. Nxe4 Bf5 5. Ng3 Bg6 6. h4 h6 7. Nf3 Nd7 8. h5
Bh7 9. Bd3 Bxd3 10. Qxd3 e6 11. Bf4 Ngf6 12. O-O-O Be7 13. Kb1 O-O 14. Ne4 Qa5
15. Nxf6+ Nxf6 16. Ne5 Rad8 17. Qb3 Qb6 18. Qxb6 axb6 19. c4 b5 20. cxb5 cxb5
21. g4 Nd5 22. Bc1 Rd6 23. f4 Ra8 24. g5 f6 25. Ng6 Rda6 26. gxh6 gxh6 27. f5
exf5 28. Bxh6 Rxa2 29. Nxe7+ Nxe7 30. Kc2 Kh7 31. Bc1 Nd5 32. Rhf1 Ra1 33. Rxf5
Rxc1+ 34. Kxc1 Ra1+ 35. Kc2 Ne3+ 36. Kd2 Nc4+ 37. Kc3 Rxd1 38. Rxf6 Kg7 39. Rf5
Rc1+ 40. Kb4 Nd6 41. Rc5 Rb1 42. Rc2 Kf6 43. Kc5 Ke6 44. d5+ Ke5 45. Re2+ Ne4+
46. Kxb5 Kxd5 47. Kb6 Nd6 48. Rh2 Ra1 49. h6 Ra6+ 50. Kc7 Rc6+ 51. Kb8 b5 52.
h7 Rc8+ 53. Ka7 Nf7 54. Kb6 Rb8+ 55. Kc7 Rh8 56. Kb6 b4 57. Kb5 Rb8+ 58. Ka4
Nh8 59. Kb3 Rb7 60. Rh4 Ke5 61. Kc4 Kf6 62. Kb3 Kg5 63. Rh2 Kf6 64. Rh4 Kg6 65.
Ka4 b3 66. Rh3 Kf5 67. Ka3 Ke4 68. Rh4+ Ke5 69. Rh3 Kf6 70. Ka4 Kg6 71. Ka3 Kg7
72. Rxb3 Ra7+ 73. Kb4 Kxh7 74. Kc5 Kg6 75. Rh3 Nf7 76. b4 Kf6 77. Kb6 Ra1 78.
b5 Ke6 79. Re3+ Kd7 80. Rh3 Nd8 81. Rh7+ Kd6 82. Rh6+ Ne6 83. Kb7 Rg1 84. b6
Rg7+ 85. Ka8 1/2-1/2

[Event "Gibtelecom Masters 1st"]
[Site "Gibraltar"]
[Date "2003.01.28"]
[Round "1"]
[White "Lund, Frode Ryan"]
[Black "Cherniaev, Alexander"]
[Result "0-1"]
[WhiteElo "2103"]
[BlackElo "2504"]
[PlyCount "82"]
[EventDate "2003.01.28"]
[EventType "swiss"]
[EventRounds "10"]
[EventCountry "GGB"]
[SourceTitle "BritBase"]
[Source "www.saund.co.uk"]
[SourceDate "2018.02.10"]
[SourceVersion "1"]
[SourceVersionDate "2018.02.10"]
[SourceQuality "1"]

1. e4 g6 2. d4 Bg7 3. Nf3 d6 4. Bc4 e6 5. O-O a6 6. a4 Ne7 7. Bf4 b6 8. Nbd2
Bb7 9. c3 h6 10. Re1 Nd7 11. Qe2 g5 12. Be3 Ng6 13. d5 e5 14. Nf1 Nf4 15. Qc2
Nf6 16. b4 O-O 17. Ng3 Bc8 18. Bf1 g4 19. Nd2 h5 20. c4 h4 21. Ne2 N6h5 22. Ra3
a5 23. bxa5 Rxa5 24. Nb3 Ra8 25. a5 Qf6 26. Rea1 bxa5 27. c5 Bh6 28. Nxf4 Bxf4
29. Bxf4 exf4 30. Rxa5 Rxa5 31. Rxa5 f3 32. g3 hxg3 33. hxg3 Qe5 34. cxd6 Nxg3
35. Bd3 Kg7 36. fxg3 Qxg3+ 37. Kf1 Rh8 38. Qc3+ f6 39. Qxc7+ Kg6 40. e5+ f5 41.
Bxf5+ Bxf5 0-1

[Event "Gibtelecom Masters 1st"]
[Site "Gibraltar"]
[Date "2003.01.28"]
[Round "1"]
[White "Luther, Thomas"]
[Black "Baum, Bernd"]
[Result "1-0"]
[WhiteElo "2575"]
[BlackElo "2252"]
[PlyCount "71"]
[EventDate "2003.01.28"]
[EventType "swiss"]
[EventRounds "10"]
[EventCountry "GGB"]
[SourceTitle "BritBase"]
[Source "www.saund.co.uk"]
[SourceDate "2018.02.10"]
[SourceVersion "1"]
[SourceVersionDate "2018.02.10"]
[SourceQuality "1"]

1. e4 d6 2. d4 Nf6 3. Nc3 g6 4. Be3 c6 5. h3 Nbd7 6. Nf3 Qc7 7. Bd3 Bg7 8. O-O
O-O 9. Ne2 b6 10. Ng3 Bb7 11. c4 e5 12. d5 cxd5 13. cxd5 Rac8 14. b4 Qb8 15.
Qd2 Kh8 16. Ng5 h6 17. Ne6 fxe6 18. dxe6 Kh7 19. exd7 Nxd7 20. Rad1 Nf6 21. a3
Qa8 22. Bb1 Rfd8 23. Qd3 Bf8 24. f4 Bg7 25. Rd2 Rd7 26. Rdf2 Rcc7 27. Bd2 Qc8
28. Qe3 Qe8 29. fxe5 Ng8 30. Nf5 Qxe5 31. Nxg7 Rxg7 32. Ba2 g5 33. Bb1 Kh8 34.
Bc1 Rc3 35. Qd2 Bxe4 36. Bb2 1-0

[Event "Gibtelecom Masters 1st"]
[Site "Gibraltar"]
[Date "2003.01.28"]
[Round "1"]
[White "Palac, Mladen"]
[Black "Radovanovic, Jovica"]
[Result "1-0"]
[WhiteElo "2591"]
[BlackElo "2280"]
[PlyCount "107"]
[EventDate "2003.01.28"]
[EventType "swiss"]
[EventRounds "10"]
[EventCountry "GGB"]
[SourceTitle "BritBase"]
[Source "www.saund.co.uk"]
[SourceDate "2018.02.10"]
[SourceVersion "1"]
[SourceVersionDate "2018.02.10"]
[SourceQuality "1"]

1. e4 c5 2. Nf3 d6 3. d4 cxd4 4. Nxd4 Nf6 5. Nc3 Nc6 6. Bc4 Qb6 7. Nxc6 bxc6 8.
O-O g6 9. Qe1 Bg7 10. e5 dxe5 11. Qxe5 Qb8 12. Qxb8 Rxb8 13. Re1 Bf5 14. Bb3
Rb7 15. h3 O-O 16. Na4 Re8 17. Bf4 Nd5 18. Be5 Bxe5 19. Rxe5 Rbb8 20. Rd1 Rbd8
21. Nc5 Kf8 22. Rd4 Nc7 23. Rc4 Rd1+ 24. Kh2 f6 25. Re2 Rb8 26. Ra4 Ra8 27. Rb4
Bc8 28. Rbe4 e5 29. f4 Bf5 30. Ra4 exf4 31. Rxf4 Re8 32. Rxe8+ Nxe8 33. Ra4 Rd2
34. Rxa7 Nd6 35. Nd7+ Kg7 36. Ne5+ Kh6 37. Nf3 Rf2 38. Kg1 Re2 39. Bg8 g5 40.
Nd4 Re1+ 41. Kf2 Rc1 42. Nxf5+ Nxf5 43. Bxh7 Rxc2+ 44. Ke1 Rc1+ 45. Kd2 Rf1 46.
g4 Ng7 47. Be4 Rf4 48. Ke3 Rf1 49. Rf7 f5 50. gxf5 Rf4 51. Rf6+ Kh5 52. Rf7 Kh6
53. Rf8 Nh5 54. Rh8+ 1-0

[Event "Gibtelecom Masters 1st"]
[Site "Gibraltar"]
[Date "2003.01.28"]
[Round "1"]
[White "Pavlovic, Milos"]
[Black "Malinarski, Yehuda"]
[Result "1-0"]
[WhiteElo "2560"]
[BlackElo "2199"]
[PlyCount "71"]
[EventDate "2003.01.28"]
[EventType "swiss"]
[EventRounds "10"]
[EventCountry "GGB"]
[SourceTitle "BritBase"]
[Source "www.saund.co.uk"]
[SourceDate "2018.02.10"]
[SourceVersion "1"]
[SourceVersionDate "2018.02.10"]
[SourceQuality "1"]

1. e4 c5 2. Nf3 e6 3. d4 cxd4 4. Nxd4 Nf6 5. Nc3 d6 6. Be2 Be7 7. O-O O-O 8. f4
Nc6 9. Kh1 d5 10. e5 Nd7 11. Be3 a6 12. Qe1 Nxd4 13. Bxd4 Bc5 14. Bxc5 Nxc5 15.
b4 Nd7 16. Bd3 Re8 17. Ne2 Nf8 18. Nd4 Ng6 19. Qe2 Bd7 20. Qh5 Re7 21. Rae1 Bb5
22. f5 Bxd3 23. cxd3 exf5 24. Nxf5 Re8 25. Qg4 Qb6 26. h4 h5 27. Qxh5 Qxb4 28.
Qg5 Re6 29. h5 Rae8 30. d4 Qb2 31. Rf3 Qxa2 32. Ref1 Qc4 33. Nxg7 Qxf1+ 34.
Rxf1 Kxg7 35. Rf6 b5 36. hxg6 1-0

[Event "Gibtelecom Masters 1st"]
[Site "Gibraltar"]
[Date "2003.01.28"]
[Round "1"]
[White "Schmitz, Andreas Arnold"]
[Black "Lalic, Bogdan"]
[Result "0-1"]
[WhiteElo "2131"]
[BlackElo "2547"]
[PlyCount "78"]
[EventDate "2003.01.28"]
[EventType "swiss"]
[EventRounds "10"]
[EventCountry "GGB"]
[SourceTitle "BritBase"]
[Source "www.saund.co.uk"]
[SourceDate "2018.02.10"]
[SourceVersion "1"]
[SourceVersionDate "2018.02.10"]
[SourceQuality "1"]

1. e4 c5 2. c3 b6 3. d4 Bb7 4. f3 e6 5. Bd3 cxd4 6. cxd4 Nc6 7. Ne2 Nb4 8. Bb5
a6 9. Ba4 b5 10. Bb3 Nc6 11. Be3 Na5 12. Nd2 d5 13. O-O Nf6 14. e5 Nd7 15. Bc2
Nc4 16. Nxc4 dxc4 17. f4 g6 18. Ng3 Nb6 19. Kh1 Nd5 20. Bg1 Be7 21. Ne4 O-O 22.
Qg4 Nb4 23. Bb1 Nd3 24. Bxd3 cxd3 25. Nc5 Bxc5 26. dxc5 Qd5 27. b3 f6 28. h4
fxe5 29. fxe5 Rf5 30. Rxf5 exf5 31. Qg3 Re8 32. Rd1 f4 33. Qf2 Rxe5 34. Rd2 g5
35. Bh2 h6 36. b4 Re3 37. hxg5 hxg5 38. Kg1 Qe4 39. Kh1 Re2 0-1

[Event "Gibtelecom Masters 1st"]
[Site "Gibraltar"]
[Date "2003.01.28"]
[Round "1"]
[White "Sending, Staale"]
[Black "Reinderman, Dimitri"]
[Result "0-1"]
[WhiteElo "2119"]
[BlackElo "2506"]
[PlyCount "62"]
[EventDate "2003.01.28"]
[EventType "swiss"]
[EventRounds "10"]
[EventCountry "GGB"]
[SourceTitle "BritBase"]
[Source "www.saund.co.uk"]
[SourceDate "2018.02.10"]
[SourceVersion "1"]
[SourceVersionDate "2018.02.10"]
[SourceQuality "1"]

1. e4 c5 2. Nf3 Nc6 3. d4 cxd4 4. Nxd4 Nf6 5. Nc3 e5 6. Ndb5 d6 7. Bg5 a6 8.
Na3 b5 9. Bxf6 gxf6 10. Nd5 f5 11. Bxb5 axb5 12. Nxb5 Ra7 13. Nxa7 Nxa7 14. c3
Bg7 15. exf5 Bxf5 16. O-O O-O 17. f4 Be4 18. a4 f5 19. b4 Qa8 20. c4 Nc6 21.
Ra2 Rf7 22. Rff2 exf4 23. Rad2 Be5 24. b5 Na5 25. c5 Nc4 26. Nb6 Nxb6 27. cxb6
Qa5 28. Qb3 Qxb6 29. Qb4 Rc7 30. h3 Rc1+ 31. Kh2 Qe3 0-1

[Event "Gibtelecom Masters 1st"]
[Site "Gibraltar"]
[Date "2003.01.28"]
[Round "1"]
[White "Thompson, Ian"]
[Black "Agdestein, Simen"]
[Result "0-1"]
[WhiteElo "2256"]
[BlackElo "2578"]
[PlyCount "66"]
[EventDate "2003.01.28"]
[EventType "swiss"]
[EventRounds "10"]
[EventCountry "GGB"]
[SourceTitle "BritBase"]
[Source "www.saund.co.uk"]
[SourceDate "2018.02.10"]
[SourceVersion "1"]
[SourceVersionDate "2018.02.10"]
[SourceQuality "1"]

1. Nf3 f5 2. d4 g6 3. Bg5 h6 4. Bf4 Nf6 5. h4 d6 6. Nc3 Bg7 7. Qd2 Ne4 8. Nxe4
fxe4 9. Ng1 Nc6 10. c3 e5 11. dxe5 Nxe5 12. Qd5 Bf5 13. e3 c6 14. Qb3 Qe7 15.
Bxe5 Bxe5 16. Ne2 d5 17. Nd4 Bg4 18. Be2 Bxe2 19. Nxe2 Rf8 20. g3 O-O-O 21. Nf4
Rf6 22. Qd1 Qd7 23. Qe2 g5 24. Nh3 Rg8 25. Qh5 Qf5 26. hxg5 hxg5 27. O-O-O Rf7
28. Qe2 Rh7 29. c4 Rxh3 30. Rxh3 Qxh3 31. cxd5 cxd5 32. Rxd5 Kb8 33. Rxe5 Rc8+
0-1

[Event "Gibtelecom Masters 1st"]
[Site "Gibraltar"]
[Date "2003.01.28"]
[Round "1"]
[White "Vega, Enrique"]
[Black "Kotronias, Vasilios"]
[Result "0-1"]
[WhiteElo "2115"]
[BlackElo "2573"]
[PlyCount "62"]
[EventDate "2003.01.28"]
[EventType "swiss"]
[EventRounds "10"]
[EventCountry "GGB"]
[SourceTitle "BritBase"]
[Source "www.saund.co.uk"]
[SourceDate "2018.02.10"]
[SourceVersion "1"]
[SourceVersionDate "2018.02.10"]
[SourceQuality "1"]

1. Nf3 Nf6 2. d3 d5 3. Nbd2 g6 4. e4 Bg7 5. Be2 O-O 6. c3 dxe4 7. dxe4 b6 8.
O-O Bb7 9. Qc2 Nbd7 10. e5 Nd5 11. Nc4 Nc5 12. Nd4 a5 13. f4 e6 14. Bd2 Ne7 15.
Bf3 Bxf3 16. Rxf3 Nf5 17. Nxf5 exf5 18. Be3 Ne6 19. Rd1 Qe8 20. a4 Qc6 21. Na3
Rfd8 22. Rff1 Bf8 23. Nb5 Bc5 24. Bxc5 Qxc5+ 25. Kh1 Rxd1 26. Qxd1 Rd8 27. Qc2
Qc4 28. Kg1 Nxf4 29. Nxc7 Ne2+ 30. Kf2 Nd4 31. Qc1 Nb3 0-1

[Event "Gibtelecom Masters 1st"]
[Site "Gibraltar"]
[Date "2003.01.28"]
[Round "1"]
[White "White, Kevin"]
[Black "Johansen, Darryl"]
[Result "0-1"]
[WhiteElo "2053"]
[BlackElo "2487"]
[PlyCount "50"]
[EventDate "2003.01.28"]
[EventType "swiss"]
[EventRounds "10"]
[EventCountry "GGB"]
[SourceTitle "BritBase"]
[Source "www.saund.co.uk"]
[SourceDate "2018.02.10"]
[SourceVersion "1"]
[SourceVersionDate "2018.02.10"]
[SourceQuality "1"]

1. e4 c5 2. Nf3 e6 3. d4 cxd4 4. Nxd4 Nc6 5. Be3 Nf6 6. Nc3 d6 7. Be2 Be7 8.
O-O O-O 9. f4 Qc7 10. Kh1 a6 11. Bf3 Re8 12. Qd2 Bd7 13. g4 Nxd4 14. Bxd4 e5
15. Be3 exf4 16. Bxf4 Bxg4 17. Bxg4 Nxg4 18. Nd5 Qc6 19. Rg1 Ne5 20. Raf1 Ng6
21. Be3 Bf8 22. Qf2 Rxe4 23. Qxf7+ Kh8 24. Rf5 Rxe3 25. Rh5 Re5 0-1

[Event "Gibtelecom Masters 1st"]
[Site "Gibraltar"]
[Date "2003.01.28"]
[Round "1"]
[White "Young, Melvyn"]
[Black "Plaskett, James"]
[Result "1/2-1/2"]
[WhiteElo "1717"]
[BlackElo "2467"]
[PlyCount "39"]
[EventDate "2003.01.28"]
[EventType "swiss"]
[EventRounds "10"]
[EventCountry "GGB"]
[SourceTitle "BritBase"]
[Source "www.saund.co.uk"]
[SourceDate "2018.02.10"]
[SourceVersion "1"]
[SourceVersionDate "2018.02.10"]
[SourceQuality "1"]

1. e4 c5 2. c3 e6 3. d4 d5 4. e5 Nc6 5. Nf3 Qb6 6. Bd3 cxd4 7. cxd4 Bd7 8. O-O
Nxd4 9. Nxd4 Qxd4 10. Nc3 Ne7 11. Nb5 Qxe5 12. Re1 Qb8 13. Qf3 e5 14. Rxe5 Qxe5
15. Bf4 Qf6 16. Nd6+ Kd8 17. Nxb7+ Ke8 18. Nd6+ Kd8 19. Nb7+ Ke8 20. Nd6+
1/2-1/2

[Event "Gibtelecom Masters 1st"]
[Site "Gibraltar"]
[Date "2003.01.29"]
[Round "2"]
[White "Agdestein, Simen"]
[Black "Shaw, John Kerr"]
[Result "0-1"]
[WhiteElo "2578"]
[BlackElo "2470"]
[PlyCount "58"]
[EventDate "2003.01.28"]
[EventType "swiss"]
[EventRounds "10"]
[EventCountry "GGB"]
[SourceTitle "BritBase"]
[Source "www.saund.co.uk"]
[SourceDate "2018.02.10"]
[SourceVersion "1"]
[SourceVersionDate "2018.02.10"]
[SourceQuality "1"]

1. e4 c5 2. Nf3 Nc6 3. d4 cxd4 4. Nxd4 e5 5. Nb5 d6 6. c4 Be7 7. N1c3 a6 8. Na3
f5 9. Bd3 f4 10. g3 Nf6 11. gxf4 exf4 12. Bxf4 O-O 13. Rg1 Ne5 14. Be2 Nfg4 15.
Bg3 Bh4 16. Rg2 Bxg3 17. hxg3 Qf6 18. Nd5 Qh6 19. Bf1 Nf3+ 20. Ke2 Nge5 21.
Ne7+ Kh8 22. Nxc8 Raxc8 23. Qc1 Nd4+ 24. Kd1 Qh1 25. Kd2 Rf3 26. Nb1 Nxc4+ 27.
Ke1 d5 28. Nc3 Re8 29. Qd1 Ne3 0-1

[Event "Gibtelecom Masters 1st"]
[Site "Gibraltar"]
[Date "2003.01.29"]
[Round "2"]
[White "Baum, Bernd"]
[Black "Lund, Frode Ryan"]
[Result "1-0"]
[WhiteElo "2252"]
[BlackElo "2103"]
[PlyCount "179"]
[EventDate "2003.01.28"]
[EventType "swiss"]
[EventRounds "10"]
[EventCountry "GGB"]
[SourceTitle "BritBase"]
[Source "www.saund.co.uk"]
[SourceDate "2018.02.10"]
[SourceVersion "1"]
[SourceVersionDate "2018.02.10"]
[SourceQuality "1"]

1. e4 d6 2. d4 Nf6 3. Nc3 g6 4. Nf3 Bg7 5. Be3 O-O 6. Qd2 e5 7. dxe5 dxe5 8.
Qxd8 Rxd8 9. Bc4 Ne8 10. Ng5 Rd7 11. O-O Nd6 12. Bb3 h6 13. Nf3 b6 14. Rfd1 Bb7
15. Nd2 Na6 16. Nc4 Rad8 17. Nxd6 Rxd6 18. Rxd6 Rxd6 19. f3 c6 20. a4 Nc5 21.
Bxc5 bxc5 22. Bc4 Rd4 23. b3 a5 24. Rd1 Bf6 25. Rd3 Kg7 26. Ne2 Rxd3 27. Bxd3
Bg5 28. Nc3 Bd8 29. Bc4 Bc8 30. Kf1 Kf6 31. Ke2 Bc7 32. Nd1 Bd6 33. Nb2 Bc7 34.
Kd2 Ke7 35. Nd3 Bd6 36. Ke2 g5 37. Kd2 h5 38. Nf2 h4 39. g3 hxg3 40. hxg3 f6
41. Bf1 Kd8 42. Bh3 Bxh3 43. Nxh3 Kd7 44. Nf2 Ke6 45. Kd3 Kd7 46. Ng4 Be7 47.
Kc4 Kc7 48. Ne3 Bd6 49. Kd3 Kd7 50. Nc4 Bc7 51. Nb2 Bd6 52. Kc3 Kc8 53. Kd3 Kd7
54. Ke2 Ke6 55. Ke3 Bb8 56. Kd3 Bc7 57. Nc4 Kd7 58. Ke2 Ke7 59. Kf1 Ke6 60. Kg2
Kf7 61. Kh3 Kg7 62. Kg4 Kg6 63. Nb2 Bb8 64. Nd3 Bd6 65. Nb2 Bb8 66. Nd1 Bc7 67.
Ne3 Bd6 68. Kh3 Kf7 69. Nf5 Bf8 70. Kg2 Ke6 71. Kf1 Kd7 72. Ke2 Kd8 73. Kd3 Kc7
74. Ne3 Kb7 75. Nc4 Ka6 76. Ke2 Bh6 77. Kf2 g4 78. fxg4 Bg5 79. Ke2 Bh6 80. Kd3
Bg5 81. Nd6 Kb6 82. Ne8 Kb7 83. Ng7 Kb6 84. Ne8 Kb7 85. Kc3 Ka7 86. Ng7 Kb7 87.
Kd3 Ka7 88. Ne6 Kb6 89. Nxg5 c4+ 90. Kxc4 1-0

[Event "Gibtelecom Masters 1st"]
[Site "Gibraltar"]
[Date "2003.01.29"]
[Round "2"]
[White "Cherniaev, Alexander"]
[Black "Luther, Thomas"]
[Result "0-1"]
[WhiteElo "2504"]
[BlackElo "2575"]
[PlyCount "44"]
[EventDate "2003.01.28"]
[EventType "swiss"]
[EventRounds "10"]
[EventCountry "GGB"]
[SourceTitle "BritBase"]
[Source "www.saund.co.uk"]
[SourceDate "2018.02.10"]
[SourceVersion "1"]
[SourceVersionDate "2018.02.10"]
[SourceQuality "1"]

1. e4 Nf6 2. e5 Nd5 3. c4 Nb6 4. c5 Nd5 5. Nc3 e6 6. d4 Nxc3 7. bxc3 b6 8. cxb6
axb6 9. Qg4 d5 10. Nh3 Qd7 11. Nf4 g6 12. Be2 Ba6 13. O-O Nc6 14. Bxa6 Rxa6 15.
c4 dxc4 16. d5 exd5 17. e6 fxe6 18. Nxe6 Ne5 19. Nxc7+ Qxc7 20. Qe6+ Be7 21.
Bb2 Rf8 22. Rad1 Nd3 0-1

[Event "Gibtelecom Masters 1st"]
[Site "Gibraltar"]
[Date "2003.01.29"]
[Round "2"]
[White "Epishin, Vladimir"]
[Black "McNab, Colin"]
[Result "1/2-1/2"]
[WhiteElo "2626"]
[BlackElo "2423"]
[PlyCount "105"]
[EventDate "2003.01.28"]
[EventType "swiss"]
[EventRounds "10"]
[EventCountry "GGB"]
[SourceTitle "BritBase"]
[Source "www.saund.co.uk"]
[SourceDate "2018.02.10"]
[SourceVersion "1"]
[SourceVersionDate "2018.02.10"]
[SourceQuality "1"]

1. d4 d6 2. Nf3 g6 3. c4 Bg7 4. e4 Bg4 5. Be2 Bxf3 6. Bxf3 Nc6 7. Be3 e5 8. d5
Nd4 9. Bxd4 exd4 10. Nd2 c5 11. dxc6 bxc6 12. b4 Rb8 13. Rb1 Ne7 14. a3 O-O 15.
Nb3 c5 16. b5 f5 17. O-O Kh8 18. a4 fxe4 19. Bxe4 d5 20. Bd3 dxc4 21. Bxc4 Qd6
22. Rc1 Rbc8 23. Qd3 Rf5 24. Nd2 Nd5 25. Bxd5 Qxd5 26. Nc4 Rcf8 27. Rce1 Rg5
28. Re4 Rf4 29. Rfe1 h5 30. a5 Kh7 31. g3 Rxe4 32. Rxe4 Rf5 33. b6 axb6 34.
axb6 Rf7 35. Kg2 Re7 36. f3 Rxe4 37. fxe4 Qb7 38. Qf3 Qa6 39. Qb3 Be5 40. Qd3
Bb8 41. e5 Qa2+ 42. Kg1 Kg7 43. Qf1 Qc2 44. Nd6 d3 45. Qf6+ Kh7 46. Qe7+ Kg8
47. Qd8+ Kg7 48. Qd7+ Kh6 49. Nf7+ Kg7 50. Ng5+ Kh6 51. Nf7+ Kg7 52. Nd6+ Kh6
53. Nf7+ 1/2-1/2

[Event "Gibtelecom Masters 1st"]
[Site "Gibraltar"]
[Date "2003.01.29"]
[Round "2"]
[White "Gayson, Peter"]
[Black "White, Kevin"]
[Result "1-0"]
[WhiteElo "2257"]
[BlackElo "2053"]
[PlyCount "61"]
[EventDate "2003.01.28"]
[EventType "swiss"]
[EventRounds "10"]
[EventCountry "GGB"]
[SourceTitle "BritBase"]
[Source "www.saund.co.uk"]
[SourceDate "2018.02.10"]
[SourceVersion "1"]
[SourceVersionDate "2018.02.10"]
[SourceQuality "1"]

1. e4 c5 2. Nf3 d6 3. d4 cxd4 4. Nxd4 Nf6 5. Nc3 a6 6. f4 e5 7. Nf3 Nbd7 8. a4
Be7 9. Bd3 O-O 10. O-O Nc5 11. Kh1 d5 12. fxe5 Nfxe4 13. Qe1 Bf5 14. Be3 Nxd3
15. cxd3 Nc5 16. Bxc5 Bxc5 17. d4 Bb4 18. Qe3 Bxc3 19. Qxc3 Qd7 20. Qb3 Rfc8
21. Rac1 Rc6 22. Rxc6 Qxc6 23. a5 Rc8 24. h3 Qc4 25. Nd2 Qxb3 26. Nxb3 Bd7 27.
Nc5 Rc7 28. Kg1 Bc6 29. Rf3 Bd7 30. Rc3 Kf8 31. Ne6+ 1-0